| 000 | 00448nab a2200145Ia 4500 | ||
|---|---|---|---|
| 003 | ES-SlBCS | ||
| 005 | 20210601133826.0 | ||
| 008 | 140529s1986 xxu||||| |||| 00| 0 por d | ||
| 041 | _apor | ||
| 100 | 1 |
_aGandra Martins, Ives _9210231 |
|
| 245 | 0 | 2 |
_aA Filosofia e as Formas de Governo _c Ives Gandra Martins |
| 650 | 0 | 4 |
_aPolítica-Gobierno _9210232 |
| 773 | 0 |
_tPresença Filosofica _gvol. 12, nº. 1-2-3-4, 1986, págs. 23-28 _wRev966 |
|
| 942 | _cAR | ||
| 999 |
_c602727 _d602727 |
||